Over/Under 10 Chapters: New Testament Quiz Stats

 Plays Quiz Updated Aug 26, 2016

Also try: Bible Top 200
Challenge
Share
Tweet
Embed
Score 0/27 Timer 03:00
2 Plays Today
Book Over/Under % Correct
Matthew???
88.3%
Acts???
87.6%
Luke???
87.6%
Mark???
86.9%
Revelation???
86%
Philemon???
84.8%
Titus???
84.7%
John???
84.6%
Romans???
83.7%
Jude???
83.6%
2 Timothy???
83.1%
3 John???
83.1%
2 Peter???
82.4%
2 John???
81.4%
Book Over/Under % Correct
1 Timothy???
80.7%
1 Peter???
79%
1 John???
78.7%
2 Thessalonians???
77.1%
1 Corinthians???
76%
Hebrews???
75.1%
James???
74.5%
1 Thessalonians???
73%
Philippians???
69.3%
Galatians???
66.5%
Colossians???
65.4%
2 Corinthians???
65.2%
Ephesians???
64.5%

You're not logged in!

Compare scores with friends on all Sporcle quizzes.
OR
Log In

You Might Also Like...

Show Comments

Extras

Top Quizzes Today


Score Distribution

Your Account Isn't Verified!

In order to create a playlist on Sporcle, you need to verify the email address you used during registration. Go to your Sporcle Settings to finish the process.

Report this User

Report this user for behavior that violates our Community Guidelines.

Details: